LIBRARY & INFORMATION CENTRE, KCAET, TAVANUR

ONLINE PUBLIC ACCESS CATALOGUE (OPAC)

Normal view MARC view
  • Er. Rema K. P (Guide)

Entry Personal Name

Number of records used in: 5

001 - CONTROL NUMBER

  • control field: 2501

003 - CONTROL NUMBER IDENTIFIER

  • control field: OSt

005 - DATE AND TIME OF LATEST TRANSACTION

  • control field: 20180115153352.0

008 - FIXED-LENGTH DATA ELEMENTS

  • fixed length control field: 180115|| aca||aabn | a|a d

040 ## - CATALOGING SOURCE

  • Original cataloging agency: OSt
  • Transcribing agency: OSt

100 ## - HEADING--PERSONAL NAME

  • Personal name: Er. Rema K. P (Guide)

670 ## - SOURCE DATA FOUND

  • Source citation: Work cat.: (OSt): ABHIJEET HINDURAO SURVE 2500, Grey water treatment by constructed wetland
free website counter